[Event "XXVI Ogolnopolska Olimpiada Mlodziezy"]
[Site "Pulawy"]
[Date "2020.10.08"]
[Round "5.24"]
[White "Pieczewska, Jadwiga"]
[Black "Brelinska, Matylda"]
[Result "1/2-1/2"]
[WhiteElo "1060"]
[BlackElo "1180"]
[PlyCount "81"]
[EventDate "2020.10.04"]
[EventType "swiss"]
[Tiebreak "Sum of Buchholz+Median1 Buchholz+Sonneborn-Berger (Swiss)"]

1. c4 e5 2. Nc3 Bb4 3. g3 Bxc3 4. bxc3 d6 5. Bg2 Nf6 6. Nf3 O-O 7. O-O Nc6 8.
d4 Bd7 9. Re1 h6 10. Ba3 Re8 11. e3 Qc8 12. d5 Na5 13. Nd2 b6 14. e4 c5 15.
dxc6 Nxc6 16. Bxd6 Bh3 17. a4 Bxg2 18. Kxg2 Na5 19. Qe2 Qe6 20. Bb4 Nc6 21. c5
Nxb4 22. cxb4 Rad8 23. cxb6 Qxb6 24. b5 Rd4 25. f3 Red8 26. Red1 Qd6 27. Ra2
Ne8 28. a5 Nc7 29. Rb2 Qa3 30. Rbb1 Qc3 31. Nf1 Rxd1 32. Rxd1 Rxd1 33. Qxd1
Qxa5 34. Qd8+ Kh7 35. Qd7 f6 36. Qf5+ Kg8 37. Qc8+ Kf7 38. Qd7+ Kf8 39. Qd8+
Kf7 40. Qd7+ Kf8 41. Qd8+ 1/2-1/2

[Event "XXVI Ogolnopolska Olimpiada Mlodziezy"]
[Site "Pulawy"]
[Date "2020.10.08"]
[Round "5.24"]
[White "Zeissel, Andrzej"]
[Black "Kozera, Dawid"]
[Result "1-0"]
[WhiteElo "1437"]
[BlackElo "1450"]
[PlyCount "117"]
[EventDate "2020.10.04"]
[EventType "swiss"]
[Tiebreak "Sum of Buchholz+Median1 Buchholz+Sonneborn-Berger (Swiss)"]

1. e4 c5 2. Nc3 e6 3. f4 Nc6 4. Nf3 d6 5. Bb5 Nge7 6. O-O a6 7. Bxc6+ Nxc6 8.
d3 Be7 9. Qe1 O-O 10. Qg3 Nd4 11. Nxd4 cxd4 12. Ne2 Bh4 13. Qh3 e5 14. f5 Bg5
15. Rf3 f6 16. Qg4 Bd7 17. Rg3 Qe7 18. Bxg5 fxg5 19. Qxg5 Qxg5 20. Rxg5 Rac8
21. Rc1 Rc7 22. c3 Rfc8 23. c4 b5 24. b3 bxc4 25. dxc4 Bc6 26. Ng3 a5 27. f6 g6
28. Nf5 Kf7 29. Nxd6+ Kxf6 30. Rg3 Rd8 31. Rf3+ Kg7 32. c5 Bb7 33. Rcf1 Rxd6
34. cxd6 Rd7 35. Rc1 Bxe4 36. Rc7 Rxc7 37. dxc7 Bb7 38. Rf1 Bc8 39. Kf2 Kf6 40.
Ke2+ Ke7 41. Kd3 Kd6 42. Re1 Be6 43. Rc1 Bc8 44. a3 Kd5 45. b4 e4+ 46. Ke2 axb4
47. axb4 e3 48. b5 Ke4 49. Ke1 d3 50. Rc4+ Kd5 51. Rb4 d2+ 52. Ke2 Bb7 53. Rb3
Kd6 54. Rxe3 Kxc7 55. g3 Kb6 56. Re5 Bc8 57. Kxd2 Bd7 58. Ke3 Bxb5 59. Ke4 1-0

[Event "XXVI Ogolnopolska Olimpiada Mlodziezy"]
[Site "Pulawy"]
[Date "2020.10.08"]
[Round "5.25"]
[White "Nocek, Dominik"]
[Black "Tarlowski, Bartosz"]
[Result "0-1"]
[WhiteElo "1354"]
[BlackElo "1145"]
[PlyCount "68"]
[EventDate "2020.10.04"]
[EventType "swiss"]
[Tiebreak "Sum of Buchholz+Median1 Buchholz+Sonneborn-Berger (Swiss)"]

1. e4 e5 2. Nf3 Nf6 3. Nxe5 d6 4. Nf3 Nxe4 5. Nc3 Nxc3 6. dxc3 Be7 7. Be3 O-O
8. Qd2 c5 9. O-O-O Be6 10. c4 b5 11. cxb5 a6 12. a3 axb5 13. Bxb5 Qb6 14. c4
Bd7 15. Bxd7 Nxd7 16. Bg5 Bxg5 17. Qxg5 Rfb8 18. Qd2 Rxa3 19. Qc2 Rb3 20. Rd2
Ra8 21. Kb1 Rba3 22. Qe4 Qb3 23. Qxa8+ Rxa8 24. Rxd6 Nb6 25. Rhd1 h6 26. Ne5 f6
27. Rd8+ Rxd8 28. Rxd8+ Kh7 29. Nd7 Nxc4 30. Nf8+ Kg8 31. Nd7+ Kf7 32. Rf8+ Kg6
33. Rb8 Qd1+ 34. Ka2 Qxd7 0-1

[Event "XXVI Ogolnopolska Olimpiada Mlodziezy"]
[Site "Pulawy"]
[Date "2020.10.08"]
[Round "5.25"]
[White "Pisarek, Jan"]
[Black "Wieckowski, Michal"]
[Result "1/2-1/2"]
[WhiteElo "1608"]
[BlackElo "1494"]
[PlyCount "117"]
[EventDate "2020.10.04"]
[EventType "swiss"]
[Tiebreak "Sum of Buchholz+Median1 Buchholz+Sonneborn-Berger (Swiss)"]

1. e4 c5 2. Nf3 d6 3. d4 cxd4 4. Nxd4 Nf6 5. Nc3 g6 6. Be3 Bg7 7. f3 O-O 8. g4
Nc6 9. Qd2 Nxd4 10. Bxd4 Be6 11. h4 a6 12. h5 b5 13. Nd5 Bxd5 14. exd5 b4 15.
hxg6 fxg6 16. Bc4 a5 17. O-O-O Qc7 18. Qe2 a4 19. Kb1 Rf7 20. b3 axb3 21. Bxb3
Nd7 22. Rhf1 Nc5 23. Qc4 Rf4 24. Qxb4 Rc8 25. c3 Nxb3 26. axb3 Bxd4 27. Rxd4
Rxd4 28. Qxd4 Qxc3 29. Qxc3 Rxc3 30. Kb2 Rd3 31. Re1 Kf7 32. Rh1 Kg7 33. Re1
Kf6 34. Rh1 Rxf3 35. Rxh7 Rg3 36. b4 Ke5 37. Rxe7+ Kxd5 38. Rf7 Rxg4 39. Kc3
Rg3+ 40. Kd2 Kc4 41. Rf4+ Kb5 42. Rd4 Kc6 43. Ke2 d5 44. Kf2 Rc3 45. Rg4 Kb5
46. Rd4 Kc6 47. Rg4 Rb3 48. Rxg6+ Kb5 49. Ke2 Kc4 50. Rg4+ d4 51. Kd2 Rb2+ 52.
Kc1 Rxb4 53. Rg3 Rb5 54. Kd2 Rb2+ 55. Kc1 Rf2 56. Kd1 Ra2 57. Rh3 Rb2 58. Rg3
Rb7 59. Kd2 1/2-1/2

[Event "XXVI Ogolnopolska Olimpiada Mlodziezy"]
[Site "Pulawy"]
[Date "2020.10.08"]
[Round "5.26"]
[White "Fil, Grzegorz"]
[Black "Jablonski, Dawid"]
[Result "1/2-1/2"]
[WhiteElo "1268"]
[BlackElo "1200"]
[PlyCount "76"]
[EventDate "2020.10.04"]
[EventType "swiss"]
[Tiebreak "Sum of Buchholz+Median1 Buchholz+Sonneborn-Berger (Swiss)"]

1. c4 e5 2. Nc3 Nf6 3. g3 Bc5 4. Bg2 O-O 5. e4 d6 6. Nge2 Be6 7. d3 h6 8. O-O
Nc6 9. h3 Nd4 10. Kh2 Nh7 11. g4 g5 12. Ng3 Kg7 13. Nf5+ Bxf5 14. exf5 c6 15.
h4 f6 16. Kg3 Rh8 17. Rh1 Qg8 18. Be3 Nf8 19. Bxd4 Bxd4 20. Qb3 Qf7 21. hxg5
hxg5 22. Rxh8 Kxh8 23. Rh1+ Kg7 24. Ne2 Bb6 25. Qc3 Qe7 26. Qb3 Nd7 27. Nc3 Nc5
28. Qc2 Bc7 29. b4 Nd7 30. Be4 Nb6 31. Qb3 a6 32. Kg2 Rh8 33. Rxh8 Kxh8 34. b5
axb5 35. cxb5 d5 36. Bf3 Qd6 37. bxc6 bxc6 38. a4 Qc5 1/2-1/2

[Event "XXVI Ogolnopolska Olimpiada Mlodziezy"]
[Site "Pulawy"]
[Date "2020.10.08"]
[Round "5.26"]
[White "Serewa, Antoni"]
[Black "Kuczynski, Michal"]
[Result "1-0"]
[WhiteElo "1447"]
[BlackElo "1341"]
[PlyCount "91"]
[EventDate "2020.10.04"]
[EventType "swiss"]
[Tiebreak "Sum of Buchholz+Median1 Buchholz+Sonneborn-Berger (Swiss)"]

1. d4 c6 2. c4 d5 3. cxd5 cxd5 4. Bf4 Nc6 5. Nc3 a6 6. e3 Nf6 7. Be2 Bf5 8. Nf3
e6 9. O-O Bb4 10. Rc1 Qa5 11. Qb3 O-O 12. a3 Bxc3 13. Rxc3 Ne4 14. Rcc1 Ra7 15.
Rfd1 Rc8 16. Ne5 Qd8 17. Nxc6 bxc6 18. f3 Nd6 19. Qb4 Ne8 20. Rc5 a5 21. Qc3
Qb6 22. b4 axb4 23. axb4 Raa8 24. b5 e5 25. Bxe5 cxb5 26. Rc1 Rxc5 27. dxc5 Qg6
28. Bxb5 h5 29. Rd1 h4 30. Rxd5 Bh3 31. Bf1 Nf6 32. Rd2 Nh5 33. c6 f6 34. Bf4
Nxf4 35. exf4 Be6 36. c7 Qe8 37. Qd4 Kh7 38. Qe4+ f5 39. Qe5 Qe7 40. Re2 Re8
41. c8=Q Rxc8 42. Qxe6 Qc5+ 43. Qe3 Qb4 44. g3 Rc3 45. Qe8 Qd4+ 46. Kg2 1-0

[Event "XXVI Ogolnopolska Olimpiada Mlodziezy"]
[Site "Pulawy"]
[Date "2020.10.08"]
[Round "6.1"]
[White "Fiszer, Bartosz"]
[Black "Chyzy, Jakub"]
[Result "1/2-1/2"]
[WhiteElo "2225"]
[BlackElo "2250"]
[PlyCount "144"]
[EventDate "2020.10.04"]
[EventType "swiss"]
[Tiebreak "Sum of Buchholz+Median1 Buchholz+Sonneborn-Berger (Swiss)"]

1. e4 e5 2. Nf3 Nc6 3. Bb5 a6 4. Ba4 Nf6 5. O-O Be7 6. Re1 b5 7. Bb3 d6 8. c3
O-O 9. h3 Nb8 10. d4 Nbd7 11. Nbd2 Bb7 12. Bc2 Re8 13. Nf1 Bf8 14. Ng3 g6 15.
Bg5 h6 16. Bd2 Bg7 17. a4 c5 18. d5 c4 19. Be3 Nc5 20. Nh2 h5 21. Nf3 Nfd7 22.
Bg5 Bf6 23. Bxf6 Qxf6 24. Qd2 Kg7 25. h4 Qf4 26. Re3 Nf6 27. Ree1 bxa4 28. Bxa4
Re7 29. Bc2 Bc8 30. Nf1 Rb7 31. Rab1 Rab8 32. Qxf4 exf4 33. N1d2 Rxb2 34. Nxc4
Rxb1 35. Bxb1 Na4 36. Nxd6 Nxc3 37. Bd3 Bd7 38. Rc1 Nb5 39. Rb1 Rd8 40. Nxb5
Bxb5 41. Bxb5 axb5 42. Nd2 Rb8 43. Rb4 Nd7 44. Nb3 Ne5 45. f3 Nd3 46. Rd4 Ne5
47. d6 Rd8 48. Nc5 Kf6 49. Rd5 b4 50. Kf2 Nc4 51. Ke2 Nb6 52. Rd3 Nc4 53. Rd5
Nb6 54. Rd4 b3 55. Nxb3 Ke5 56. Na5 Kxd4 57. Nc6+ Kc5 58. Nxd8 f5 59. exf5 gxf5
60. Ne6+ Kxd6 61. Nxf4 Ke5 62. Nxh5 f4 63. g3 fxg3 64. Nxg3 Kf4 65. Kf2 Nc4 66.
Ne2+ Kf5 67. Kg3 Ne3 68. f4 Nf1+ 69. Kh3 Ne3 70. h5 Nd5 71. Kg3 Nf6 72. Kh4 Nh7
1/2-1/2

[Event "XXVI Ogolnopolska Olimpiada Mlodziezy"]
[Site "Pulawy"]
[Date "2020.10.08"]
[Round "6.1"]
[White "Seemann, Jakub"]
[Black "Komendecki, Antoni"]
[Result "1-0"]
[WhiteElo "2339"]
[BlackElo "1801"]
[PlyCount "135"]
[EventDate "2020.10.04"]
[EventType "swiss"]
[Tiebreak "Sum of Buchholz+Median1 Buchholz+Sonneborn-Berger (Swiss)"]

1. d4 Nf6 2. Nf3 e6 3. c4 b6 4. g3 Bb7 5. Bg2 Bb4+ 6. Nbd2 O-O 7. O-O Bxd2 8.
Bxd2 d6 9. Qc2 Nbd7 10. Rfd1 Qe7 11. Rac1 Rac8 12. Bf4 Ba8 13. h4 e5 14. dxe5
Nxe5 15. Nd4 Bxg2 16. Kxg2 Rfe8 17. Qf5 a5 18. h5 Qd7 19. h6 Qxf5 20. Nxf5 g6
21. Ne3 Neg4 22. Rd4 Nxe3+ 23. Bxe3 Re6 24. Rc2 Rce8 25. Kf1 Ne4 26. Bc1 Rf6
27. Bf4 g5 28. Rxe4 Rxe4 29. Bxg5 Rg6 30. Bf4 f5 31. f3 Re8 32. Rd2 Rge6 33. e3
Kf7 34. Rd5 Kg6 35. Kf2 Rf8 36. Rd1 Kf7 37. Rh1 Ke8 38. Rh5 Rff6 39. Kg2 Kd7
40. Rg5 Rf7 41. Rg8 Kc6 42. b3 Kc5 43. Bg5 Kc6 44. Kh3 Kd7 45. Rd8+ Kc6 46. a3
Rg6 47. Kh4 Kb7 48. Kh5 c6 49. f4 Kc7 50. Rh8 Re6 51. Bd8+ Kb7 52. Rg8 Rd7 53.
Rg7 Kc8 54. Bxb6 c5 55. Kg5 Ree7 56. Rg8+ Kb7 57. Bxa5 Rxe3 58. Kxf5 Rf7+ 59.
Kg4 Re6 60. Kg5 Ref6 61. Bc3 Re6 62. Rg7 Rxg7+ 63. hxg7 Rg6+ 64. Kh4 Rh6+ 65.
Kg4 Rg6+ 66. Kf3 Kc6 67. f5 Rg5 68. Ke4 1-0

[Event "XXVI Ogolnopolska Olimpiada Mlodziezy"]
[Site "Pulawy"]
[Date "2020.10.08"]
[Round "6.1"]
[White "Starosta, Martyna"]
[Black "Mroz, Lena"]
[Result "1-0"]
[WhiteElo "2046"]
[BlackElo "1623"]
[PlyCount "63"]
[EventDate "2020.10.04"]
[EventType "swiss"]
[Tiebreak "Sum of Buchholz+Median1 Buchholz+Sonneborn-Berger (Swiss)"]

1. e4 c5 2. Nf3 d6 3. d4 cxd4 4. Nxd4 Nf6 5. Nc3 a6 6. Bg5 e6 7. f4 Be7 8. Qf3
h6 9. Bh4 Qc7 10. O-O-O Nbd7 11. Be2 Rg8 12. Bg3 g5 13. fxg5 hxg5 14. Rhf1 Ne5
15. Qe3 Bd7 16. Nf3 Nc6 17. Nxg5 Ng4 18. Bxg4 Bxg5 19. Bf4 Bxf4 20. Qxf4 Ne5
21. Bh3 O-O-O 22. Qd2 Nc4 23. Qd4 e5 24. Qd3 Be6 25. Nd5 Qc5 26. b4 Qd4 27.
Bxe6+ fxe6 28. Qxc4+ Qxc4 29. Nb6+ Kc7 30. Nxc4 Rd7 31. Ne3 Rh7 32. h3 1-0

[Event "XXVI Ogolnopolska Olimpiada Mlodziezy"]
[Site "Pulawy"]
[Date "2020.10.08"]
[Round "6.1"]
[White "Szczotka, Klara"]
[Black "Seemann, Pola"]
[Result "1-0"]
[WhiteElo "1959"]
[BlackElo "1566"]
[PlyCount "169"]
[EventDate "2020.10.04"]
[EventType "swiss"]
[Tiebreak "Sum of Buchholz+Median1 Buchholz+Sonneborn-Berger (Swiss)"]

1. e4 c5 2. Nf3 e6 3. d4 cxd4 4. Nxd4 Nf6 5. Bd3 Nc6 6. Nf3 d5 7. exd5 Nxd5 8.
a3 Bd6 9. O-O O-O 10. c4 Nf4 11. Bxf4 Bxf4 12. Qc2 h6 13. Nc3 Bd7 14. Rfe1 a6
15. g3 Bc7 16. Rac1 e5 17. Be4 Re8 18. Nd5 Bg4 19. Nh4 Nd4 20. Qd3 Qd7 21. Bg2
Bd8 22. Nf3 Bxf3 23. Bxf3 Rb8 24. b4 Bg5 25. Rcd1 Rbd8 26. h4 Bf6 27. Bg2 Qd6
28. Re4 b5 29. Ree1 bxc4 30. Qxc4 Rc8 31. Qd3 Red8 32. Rc1 Qe6 33. Rxc8 Rxc8
34. f4 Rd8 35. Qc4 Rc8 36. Nxf6+ gxf6 37. Qxe6 fxe6 38. fxe5 f5 39. Re3 Nb5 40.
Bf1 Rc1 41. Kg2 Rc2+ 42. Kh3 Ra2 43. Bxb5 axb5 44. g4 Kf7 45. gxf5 exf5 46. e6+
Ke7 47. Kg3 Ra1 48. Kf4 Rf1+ 49. Ke5 f4 50. Rc3 f3 51. Kf4 f2 52. Kf3 Kxe6 53.
Rc5 Ra1 54. Kxf2 Ra2+ 55. Kg3 Rxa3+ 56. Kg4 Ra4 57. Rxb5 Kf6 58. Kh5 Ra8 59.
Rb6+ Kg7 60. Rb7+ Kf6 61. b5 Ra4 62. Rb6+ Kg7 63. Rg6+ Kf7 64. Rxh6 Rb4 65. Rb6
Kg7 66. Kg5 Rb1 67. Rb7+ Kg8 68. h5 Rg1+ 69. Kh6 Rb1 70. Rb6 Kf7 71. Kg5 Rg1+
72. Kf5 Rf1+ 73. Ke5 Re1+ 74. Kd5 Rd1+ 75. Kc4 Rc1+ 76. Kd3 Rh1 77. h6 Kg8 78.
Rc6 Rh3+ 79. Kc4 Rh4+ 80. Kc5 Rh5+ 81. Kb6 Rh1 82. Kc7 Rf1 83. b6 Rf7+ 84. Kb8
Kh7 85. Rc7 1-0

[Event "XXVI Ogolnopolska Olimpiada Mlodziezy"]
[Site "Pulawy"]
[Date "2020.10.08"]
[Round "6.2"]
[White "Gaszka, Zuzanna"]
[Black "Nieckarz, Maja"]
[Result "1-0"]
[WhiteElo "1417"]
[BlackElo "1426"]
[PlyCount "53"]
[EventDate "2020.10.04"]
[EventType "swiss"]
[Tiebreak "Sum of Buchholz+Median1 Buchholz+Sonneborn-Berger (Swiss)"]

1. e4 c5 2. Nf3 d6 3. d4 cxd4 4. Nxd4 Nf6 5. Nc3 g6 6. Be3 Bg7 7. f3 Nc6 8. Bc4
O-O 9. Qd2 Bd7 10. O-O-O Rc8 11. Bb3 Ne5 12. Kb1 Nc4 13. Bxc4 Rxc4 14. h4 h5
15. g4 hxg4 16. h5 gxh5 17. Rdg1 Qa5 18. Nb3 Qc7 19. Bh6 Rc8 20. Qg5 Ne8 21.
Nd5 Qd8 22. Rxh5 f6 23. Qg6 Be6 24. Bxg7 Nxg7 25. Rh7 Qf8 26. Rgh1 Qf7 27. Rh8#
1-0

[Event "XXVI Ogolnopolska Olimpiada Mlodziezy"]
[Site "Pulawy"]
[Date "2020.10.08"]
[Round "6.2"]
[White "Klimkowski, Jan"]
[Black "Kazmierowski, Tymon"]
[Result "1-0"]
[WhiteElo "2298"]
[BlackElo "1958"]
[PlyCount "57"]
[EventDate "2020.10.04"]
[EventType "swiss"]
[Tiebreak "Sum of Buchholz+Median1 Buchholz+Sonneborn-Berger (Swiss)"]

1. e4 c5 2. Nf3 d6 3. d4 cxd4 4. Nxd4 Nf6 5. Nc3 a6 6. Be3 e5 7. Nb3 Be6 8. f4
Ng4 9. Bd2 exf4 10. Bxf4 Nc6 11. Qe2 Be7 12. O-O-O O-O 13. Kb1 Rc8 14. Nd5 Nge5
15. Qd2 a5 16. Bb5 Bxd5 17. exd5 Na7 18. Be2 a4 19. Nd4 Nc4 20. Qb4 Qc7 21. Nf5
Na3+ 22. Qxa3 Qxc2+ 23. Ka1 Qxf5 24. Bxd6 Bxd6 25. Qxd6 Rfd8 26. Qb4 Rxd5 27.
Qxa4 Nc6 28. Bg4 Rxd1+ 29. Rxd1 1-0

[Event "XXVI Ogolnopolska Olimpiada Mlodziezy"]
[Site "Pulawy"]
[Date "2020.10.08"]
[Round "6.2"]
[White "Krawczyk, Flawian"]
[Black "Mulawa, Cyprian"]
[Result "1/2-1/2"]
[WhiteElo "2114"]
[BlackElo "1693"]
[PlyCount "92"]
[EventDate "2020.10.04"]
[EventType "swiss"]
[Tiebreak "Sum of Buchholz+Median1 Buchholz+Sonneborn-Berger (Swiss)"]

1. e4 c5 2. Nf3 Nc6 3. Bb5 g6 4. O-O Bg7 5. Re1 Nf6 6. e5 Nd5 7. Nc3 Nc7 8.
Bxc6 dxc6 9. Ne4 Ne6 10. d3 O-O 11. Be3 b6 12. Qd2 Nd4 13. Nxd4 cxd4 14. Bh6 f6
15. Bxg7 Kxg7 16. exf6+ exf6 17. Qf4 Be6 18. Re2 Qd7 19. Rae1 Rad8 20. h4 h5
21. a4 Rf7 22. a5 Qd5 23. axb6 axb6 24. Qg3 Bf5 25. Nd2 b5 26. Re7 Qd6 27. Qxd6
Rxd6 28. b4 Rd7 29. Rxd7 Rxd7 30. Nb3 Kf7 31. f3 Be6 32. Nc5 Rd6 33. Ra1 g5 34.
Ra7+ Kg6 35. hxg5 fxg5 36. Kf2 Bd5 37. Re7 Kf6 38. Rh7 Kg6 39. Re7 Kf6 40. Re1
Rd8 41. Rc1 Ra8 42. Nb3 Bxb3 43. cxb3 Ra2+ 44. Kf1 Ke5 45. Rxc6 Kf4 46. Rb6 Ke3
1/2-1/2

[Event "XXVI Ogolnopolska Olimpiada Mlodziezy"]
[Site "Pulawy"]
[Date "2020.10.08"]
[Round "6.2"]
[White "Pawicka, Magdalena"]
[Black "Siekanska, Maria"]
[Result "0-1"]
[WhiteElo "1775"]
[BlackElo "1916"]
[PlyCount "46"]
[EventDate "2020.10.04"]
[EventType "swiss"]
[Tiebreak "Sum of Buchholz+Median1 Buchholz+Sonneborn-Berger (Swiss)"]

1. e4 c5 2. Nf3 e6 3. d4 cxd4 4. Nxd4 Nc6 5. Nc3 d6 6. Be3 Nf6 7. Be2 Be7 8.
O-O O-O 9. Nb3 a6 10. a4 b6 11. f4 Bb7 12. Bf3 Qc7 13. Qd2 Rad8 14. Rad1 Rfe8
15. Rfe1 Ba8 16. Ne2 e5 17. f5 d5 18. exd5 e4 19. Bf4 Qc8 20. Bxe4 Nxe4 21. Qe3
Nf6 22. Qxb6 Nxd5 23. Qf2 Qxf5 0-1

[Event "XXVI Ogolnopolska Olimpiada Mlodziezy"]
[Site "Pulawy"]
[Date "2020.10.08"]
[Round "6.3"]
[White "Klim, Filip"]
[Black "Grot, Blazej"]
[Result "1-0"]
[WhiteElo "1843"]
[BlackElo "1791"]
[PlyCount "75"]
[EventDate "2020.10.04"]
[EventType "swiss"]
[Tiebreak "Sum of Buchholz+Median1 Buchholz+Sonneborn-Berger (Swiss)"]

1. e4 c5 2. Nf3 e6 3. d4 cxd4 4. Nxd4 Nf6 5. Nc3 d6 6. f4 a6 7. Be2 Be7 8. O-O
O-O 9. Qe1 Qc7 10. Qg3 Nc6 11. Be3 Nxd4 12. Bxd4 b5 13. Kh1 b4 14. e5 dxe5 15.
Bxe5 Qb6 16. Ne4 Ne8 17. Bf3 Bb7 18. Rad1 Bd5 19. f5 exf5 20. Rxd5 fxe4 21.
Bxe4 Rd8 22. Bd4 Qe6 23. Re5 Bd6 24. Qh4 Qh6 25. Rh5 Be7 26. Qh3 Rxd4 27. Bxh7+
Kh8 28. Rxh6 gxh6 29. Qxh6 Rh4 30. Qe3 Bd6 31. Bf5 Rxh2+ 32. Kg1 Rh5 33. Rf3
Bh2+ 34. Kf1 Kg8 35. g4 Rh8 36. Rh3 Be5 37. Qg5+ Bg7 38. Rxh8+ 1-0

[Event "XXVI Ogolnopolska Olimpiada Mlodziezy"]
[Site "Pulawy"]
[Date "2020.10.08"]
[Round "6.3"]
[White "Kulczycka, Zofia"]
[Black "Gladyszewska, Kinga"]
[Result "1-0"]
[WhiteElo "1493"]
[BlackElo "1359"]
[PlyCount "127"]
[EventDate "2020.10.04"]
[EventType "swiss"]
[Tiebreak "Sum of Buchholz+Median1 Buchholz+Sonneborn-Berger (Swiss)"]

1. e4 e5 2. Nf3 Nc6 3. Bb5 Nge7 4. d4 exd4 5. Nxd4 a6 6. Nxc6 Nxc6 7. Bd3 Bc5
8. O-O O-O 9. c4 Bd4 10. Qd2 d6 11. Nc3 f5 12. b3 Ne5 13. Bc2 Bb6 14. Bb2 Qh4
15. Nd5 Ng4 16. h3 Bxf2+ 17. Rxf2 Qxf2+ 18. Qxf2 Nxf2 19. Kxf2 fxe4+ 20. Kg1 c6
21. Ne7+ Kh8 22. Nxc8 Raxc8 23. Bxe4 Rce8 24. Bf3 Re3 25. Rd1 Rd8 26. Bg4 d5
27. cxd5 Rxd5 28. Rxd5 cxd5 29. Kf2 Re8 30. Bf3 Rd8 31. Ke3 Kg8 32. Kd4 Kf7 33.
Bxd5+ Kg6 34. Kc5 b6+ 35. Kc6 b5 36. Be4+ Kf7 37. Bd5+ Kg6 38. a4 bxa4 39. bxa4
Rb8 40. Be5 Rb4 41. a5 Rb5 42. Bc7 Rb2 43. Bb6 Kf5 44. Kb7 g5 45. Kxa6 g4 46.
h4 Rd2 47. Bc6 Kg6 48. Kb7 Kh5 49. g3 Rd3 50. Bc7 Rb3+ 51. Ka7 Kh6 52. a6 Rc3
53. Kb6 Rb3+ 54. Bb5 Kg6 55. a7 Ra3 56. Kb7 Rb3 57. a8=Q Rxb5+ 58. Kc8 Kh5 59.
Qe4 Kh6 60. Qc6+ Kg7 61. Qxb5 Kg6 62. Qf1 Kh6 63. Qf6+ Kh5 64. Qg5# 1-0

[Event "XXVI Ogolnopolska Olimpiada Mlodziezy"]
[Site "Pulawy"]
[Date "2020.10.08"]
[Round "6.3"]
[White "Rog, Bartlomiej"]
[Black "Backiel, Hubert"]
[Result "0-1"]
[WhiteElo "1906"]
[BlackElo "2073"]
[PlyCount "64"]
[EventDate "2020.10.04"]
[EventType "swiss"]
[Tiebreak "Sum of Buchholz+Median1 Buchholz+Sonneborn-Berger (Swiss)"]

1. e4 c5 2. Nf3 e6 3. d4 cxd4 4. Nxd4 Nf6 5. Nc3 d6 6. Bc4 Be7 7. Be3 O-O 8.
Bb3 Na6 9. g4 Nc5 10. Qf3 a6 11. O-O-O Qc7 12. g5 Nfd7 13. Qg3 b5 14. f3 Nxb3+
15. axb3 Nc5 16. Kb1 Bd7 17. h4 b4 18. Na4 Bxa4 19. bxa4 Nxa4 20. g6 Bf6 21.
gxf7+ Rxf7 22. Nxe6 Qc4 23. Qxd6 Rc8 24. Rh2 Nxb2 25. Rd4 Bxd4 26. Qxd4 Qxe6
27. Kxb2 Rd7 28. Qb6 Qe5+ 29. Kb1 Qxh2 30. Qe6+ Kh8 31. Qxd7 Qxc2+ 32. Ka1 b3
0-1

[Event "XXVI Ogolnopolska Olimpiada Mlodziezy"]
[Site "Pulawy"]
[Date "2020.10.08"]
[Round "6.3"]
[White "Zabrzanska, Weronika"]
[Black "Szopa, Emilia"]
[Result "1-0"]
[WhiteElo "1830"]
[BlackElo "1790"]
[PlyCount "73"]
[EventDate "2020.10.04"]
[EventType "swiss"]
[Tiebreak "Sum of Buchholz+Median1 Buchholz+Sonneborn-Berger (Swiss)"]

1. e4 c5 2. Nf3 Nc6 3. d4 cxd4 4. Nxd4 Nf6 5. Nc3 e5 6. Ndb5 d6 7. Bg5 a6 8.
Na3 b5 9. Bxf6 gxf6 10. Nd5 f5 11. g3 Bg7 12. Bg2 f4 13. gxf4 exf4 14. c3 O-O
15. Qd2 Qg5 16. Rg1 Ne5 17. O-O-O Ng6 18. Bh3 Qe5 19. Bf5 Ra7 20. Rg5 h6 21.
Rh5 Bxf5 22. exf5 Ne7 23. f6 Qxh5 24. Nxe7+ Rxe7 25. fxe7 Re8 26. Qxd6 Qg5 27.
Qxa6 b4 28. Qb5 Qxe7 29. Qxb4 Qg5 30. Qb5 Re5 31. Qb8+ Kh7 32. Qd8 Bf6 33. Qd3+
Kg7 34. Nc4 Re8 35. Nd6 Rd8 36. Qd5 Be5 37. Nf5+ 1-0

[Event "XXVI Ogolnopolska Olimpiada Mlodziezy"]
[Site "Pulawy"]
[Date "2020.10.08"]
[Round "6.4"]
[White "Paprocki, Antoni"]
[Black "Janeczko, Jakub"]
[Result "0-1"]
[WhiteElo "2031"]
[BlackElo "1933"]
[PlyCount "136"]
[EventDate "2020.10.04"]
[EventType "swiss"]
[Tiebreak "Sum of Buchholz+Median1 Buchholz+Sonneborn-Berger (Swiss)"]

1. d4 Nf6 2. c4 c5 3. d5 b5 4. cxb5 a6 5. e3 axb5 6. Bxb5 Ba6 7. Bxa6 Nxa6 8.
Nc3 g6 9. e4 d6 10. Nf3 Bg7 11. O-O O-O 12. Re1 Nd7 13. Bf4 c4 14. e5 Ndc5 15.
Qd2 Nd3 16. Re4 dxe5 17. Nxe5 Nxe5 18. Bxe5 Nc5 19. Bxg7 Nxe4 20. Nxe4 Kxg7 21.
Qd4+ Kg8 22. d6 Qd7 23. Qc3 f6 24. Qxc4+ Kh8 25. Rd1 exd6 26. Qd5 Qf7 27. Qd4
Rxa2 28. Nxd6 Qe7 29. b4 Qa7 30. Qf4 Ra1 31. Qd2 Qa4 32. Re1 Ra8 33. g3 Rxe1+
34. Qxe1 Qa1 35. Qxa1 Rxa1+ 36. Kg2 Ra3 37. b5 Rb3 38. Ne8 f5 39. Nc7 Kg7 40.
Ne6+ Kf6 41. Nd4 Rb4 42. Nc2 Rxb5 43. Ne3 Rc5 44. h4 h6 45. Kf3 Ke5 46. Ng2
Rc3+ 47. Ne3 g5 48. hxg5 hxg5 49. Kg2 Ke4 50. Nf1 Rd3 51. Nh2 g4 52. Nf1 Kd4
53. Nh2 Kc3 54. Kf1 Kd2 55. f3 Re3 56. fxg4 Re1+ 57. Kf2 Re2+ 58. Kf3 Rxh2 59.
gxf5 Kd3 60. Kf4 Kd4 61. g4 Rf2+ 62. Kg5 Ke5 63. Kg6 Rf3 64. Kg5 Rf4 65. Kh5
Kf6 66. g5+ Kxf5 67. g6 Rg4 68. g7 Rxg7 0-1

[Event "XXVI Ogolnopolska Olimpiada Mlodziezy"]
[Site "Pulawy"]
[Date "2020.10.08"]
[Round "6.4"]
[White "Raczek, Krzysztof"]
[Black "Ratajczak, Hubert"]
[Result "1-0"]
[WhiteElo "1782"]
[BlackElo "1595"]
[PlyCount "147"]
[EventDate "2020.10.04"]
[EventType "swiss"]
[Tiebreak "Sum of Buchholz+Median1 Buchholz+Sonneborn-Berger (Swiss)"]

1. d4 Nf6 2. c4 c5 3. d5 b5 4. g3 g6 5. Bg2 d6 6. Nf3 Bg7 7. O-O O-O 8. Re1
Nbd7 9. e4 Ng4 10. Na3 b4 11. Nc2 a5 12. a3 Ba6 13. Qe2 Nb6 14. Nd2 Ne5 15. Ne3
f5 16. f4 Ng4 17. Nxg4 fxg4 18. axb4 Bd4+ 19. Kh1 axb4 20. Rxa6 Rxa6 21. Nb3
Qd7 22. Nxd4 cxd4 23. c5 Ra1 24. cxb6 Rc8 25. Bd2 Rca8 26. Bf1 Rxe1 27. Bxe1
Qa4 28. b7 Rb8 29. Qxg4 Qa1 30. Qc8+ Kg7 31. Qxb8 Qxe1 32. Qh8+ Kxh8 33. b8=Q+
Kg7 34. Qb5 Qxe4+ 35. Bg2 Qb1+ 36. Qf1 Qxb2 37. Qe1 d3 38. Qxe7+ Kg8 39. Qe8+
Kg7 40. Qe7+ Kg8 41. Bh3 Qc1+ 42. Kg2 Qd2+ 43. Kf3 Qd1+ 44. Kf2 Qd2+ 45. Kf1
Qd1+ 46. Qe1 Qf3+ 47. Kg1 h5 48. Bg2 Qg4 49. Qe6+ Qxe6 50. dxe6 d2 51. Bf3 b3
52. e7 Kf7 53. Bd5+ Kxe7 54. Bxb3 Kf6 55. Kf2 g5 56. fxg5+ Kxg5 57. h4+ Kf5 58.
Bd1 Ke4 59. Bxh5 Kd3 60. Bd1 Ke4 61. Ke2 d5 62. Kxd2 d4 63. h5 Kf5 64. g4+ Kg5
65. Kd3 Kh6 66. Kxd4 Kg7 67. g5 Kh8 68. h6 Kh7 69. Bc2+ Kh8 70. g6 Kg8 71. Ke5
Kh8 72. Kf6 Kg8 73. h7+ Kh8 74. g7# 1-0

[Event "XXVI Ogolnopolska Olimpiada Mlodziezy"]
[Site "Pulawy"]
[Date "2020.10.08"]
[Round "6.4"]
[White "Salamon, Julia"]
[Black "Zgoda, Aleksandra"]
[Result "1-0"]
[WhiteElo "1551"]
[BlackElo "1268"]
[PlyCount "69"]
[EventDate "2020.10.04"]
[EventType "swiss"]
[Tiebreak "Sum of Buchholz+Median1 Buchholz+Sonneborn-Berger (Swiss)"]

1. d4 Nf6 2. c4 e5 3. dxe5 Ng4 4. Nf3 Bc5 5. e3 Nc6 6. h3 Ngxe5 7. Nc3 O-O 8.
Nxe5 Nxe5 9. Be2 Re8 10. O-O a5 11. b3 Ra6 12. Ne4 Ba7 13. Qc2 Rg6 14. Ng3 Qh4
15. Rd1 d6 16. Bf1 Rh6 17. Nf5 Bxf5 18. Qxf5 Rf6 19. Qc2 Ree6 20. c5 c6 21.
cxd6 Rxd6 22. Rxd6 Rxd6 23. Ba3 Rg6 24. Qf5 Re6 25. Rd1 g6 26. Qf4 Qxf4 27.
exf4 Nf3+ 28. gxf3 b5 29. Rd6 Rxd6 30. Bxd6 f5 31. Bc7 a4 32. bxa4 bxa4 33. Bd6
Bb6 34. Bd3 Kf7 35. Bc2 1-0